000 00954nam a2200229Ia 4500
999 _c56257
_d56257
001 23359
003 GE_BSU
005 20190501152546.0
008 181216s||||||||xx |||||||||||||| ||und||
040 _cGE_BSU
041 _ageo
245 _aსაპატრიარქოს უწყებანი 11-17 ოქტომბერი №28(898) 2018.
245 _bპატრიარქის ქადაგება,ქრონიკა, ინფორმაცია და სხვა.
245 _cრედ:დეკანოზი დავით შარაშენიძე და სხვა.
260 _aთბილისი
260 _c2018წელი
300 _a19გვ;29სმ
653 _aპერიოდიკა
653 _aრელიგია
653 _aსაპატრიარქოს უწყებანი 11-17 ოქტომბერი №28(898) 2018.
942 _cCR
_2udc